| 000 | 00669nam a2200217 a 4500 | ||
|---|---|---|---|
| 001 | 72472 | ||
| 003 | BD-RjUL | ||
| 005 | 20211209082251.0 | ||
| 008 | 170520s1956 enka b 001 0 eng | ||
| 035 | _a(BD-RjUL)72690 | ||
| 040 |
_aDLC _cWSU _dOCL _dSER _dUKM _dBD-RjUL _beng |
||
| 041 | _aeng | ||
| 082 |
_223 _a571.864 _bROF 1956 |
||
| 100 | 1 |
_aRothschild, Nathaniel Mayer Victor Rothschild, _d1910- _9202881 |
|
| 245 | 1 | 0 |
_aFertilization / _cby Lord Rothschild. |
| 260 |
_aLondon : _bMethuen ; _aNew York : _bWiley, _c1956, |
||
| 300 |
_aix, 170 p. : _bill. ; _c22 cm. |
||
| 500 | _aIncludes index. | ||
| 650 | 0 |
_aFertilization (Biology) _9214345 |
|
| 942 |
_2ddc _cBK |
||
| 999 |
_c72472 _d72472 |
||